000 00767nam a2200193 i 4500
001 180404
003 ES-MaACL
005 20230906221103.0
008 120531s1976 sp |||| | spa d
080 _a612.621.31(043.2)
100 1 _aBalagué López, Antonio.
_9150270
245 1 0 _aNuevo método rápido y práctico para la determinación fluorimétrica de los estrógenos urinarios /
_cpor Antonio Balagué López.
260 _aBarcelona :
_bUniversidad, Secretariado de Publicaciones, Intercambio Científico y Extensión Universitaria,
_c1976.
300 _a14 p. :
_bil. ;
_c24 cm.
502 _aTesis-Universidad Barcelona (Extracto)
650 4 _aEstrógenos.
_9150271
710 2 _aUniversidad de Barcelona.
_97141
852 _aES-MaACL
_jE-15361(229)
999 _c180404
_d180404